| 000 | 00394nam a2200157Ia 4500 | ||
|---|---|---|---|
| 008 | 230524s9999 xx 000 0 und d | ||
| 082 |
_a658.132 _bBLA |
||
| 100 | _aBenjamin S.Blanchard | ||
| 245 | 0 | _aLogistics Engineering and Management | |
| 250 | _a6TH | ||
| 260 |
_aNEW DELHI _bPearson _c2005 |
||
| 300 | _aVII;552 | ||
| 500 | _aQuantity Number: 2 | ||
| 650 | _aManagement | ||
| 942 | _cBK | ||
| 999 |
_c45533 _d45533 |
||